000 01148nam a2200229Ia 4500
001 L340-24013
003 IT-CnALBA
008 170116s9999||||xx |||||||||||||| ||und||
040 _aIT-CnALBA
_cIT-CnALBA
041 _aITALIANO
100 _aNICOLINI UGO
245 0 _aSCRITTI DI STORIA DEL DIRITTO PRIVATO.
250 _a1a ed.
260 _aROMA- MILANO
_bUNIVERSITÀ CATTOLICA DEL SACRO CUORE'
_c1968 [1° Ed.: n.d.]
300 _a496 p. (prefazione: 3)
500 _aLIMITAZIONI DI PROPRIETÀ. STATUTI ITALIANI. PROPRIETÀ, PRINCIPE E ESPROPRIAZIONE PER LA PUBBLICA UTILITÀ. STORIA DEL PAGHERO' CAMBIARIO. CONTRIBUZIONE PARZIALE NAVE IN AVARIA COMUNE. ACQUEDOTTO COATTIVO. LOTTA CONTRO L'USURA.
501 _aSocietà San Paolo EM - Piazza San Paolo, 14 - 12051 ALBA (CN) (non commercial uses only) ® Copyright 2017
520 _aLIMITAZIONI DI PROPRIETÀ. STATUTI ITALIANI. PROPRIETÀ, PRINCIPE E ESPROPRIAZIONE PER LA PUBBLICA UTILITÀ. STORIA DEL PAGHERO' CAMBIARIO. CONTRIBUZIONE PARZIALE NAVE IN AVARIA COMUNE. ACQUEDOTTO COATTIVO. LOTTA CONTRO L'USURA.
650 _aDIRITTO CIVILE
942 _cBK
957 _71
999 _a28761
_bNO
_g Copie: 1
_c283103
_d283103